000 00697nas a2200241 4500
001 BR8106712
003 BR-BrBNA
005 20231205084851.0
007 ta
008 230509b bl.|||p| |||| 00| 00por d
040 _aBR-BrBNA
_bpor
_cBiblioteca Nacional de Agricultura
041 _a(Pt)
072 _aP05
100 1 _aAnon.
245 1 _aGas e adubo em casa. E quase de graca [Rio Grande do Sul, Brasil]
650 _aBIODIGESTOR
650 _aGAS
650 _aADUBO
650 _aRIO GRANDE DO SUL
773 0 _tAgricultura e Cooperativismo (Brazil)
_xISSN 0100-5758
_g(Feb 1981), v. 5(58) p. 34-35
_wBR8106712
909 _a202311
_bLúcia
_c55
_dLúcia Elande
942 _2AGRIS
_n0
_cANA
999 _c107790
_d107790